<?xml version="1.0" encoding="UTF-8"?>
<record
    xmlns:xsi="http://www.w3.org/2001/XMLSchema-instance"
    xsi:schemaLocation="http://www.loc.gov/MARC21/slim http://www.loc.gov/standards/marcxml/schema/MARC21slim.xsd"
    xmlns="http://www.loc.gov/MARC21/slim">

  <leader>01092nam a2200241 a 4500</leader>
  <controlfield tag="001">82579</controlfield>
  <controlfield tag="003">BD-RjUL</controlfield>
  <controlfield tag="005">20240109105239.0</controlfield>
  <controlfield tag="008">240109s2018    bg ||||| |||| 00| 0 eng d</controlfield>
  <datafield tag="020" ind1=" " ind2=" ">
    <subfield code="a">9789849337070903</subfield>
  </datafield>
  <datafield tag="035" ind1=" " ind2=" ">
    <subfield code="a">(BD-RjUL)82579</subfield>
  </datafield>
  <datafield tag="040" ind1=" " ind2=" ">
    <subfield code="a">BD-RjUL</subfield>
    <subfield code="b">eng</subfield>
    <subfield code="c">BD-RjUL</subfield>
  </datafield>
  <datafield tag="041" ind1=" " ind2=" ">
    <subfield code="a">ben</subfield>
  </datafield>
  <datafield tag="082" ind1=" " ind2=" ">
    <subfield code="2">23</subfield>
    <subfield code="a">891.441409 </subfield>
    <subfield code="b">SAR 2018</subfield>
  </datafield>
  <datafield tag="100" ind1=" " ind2=" ">
    <subfield code="a">&#x9B8;&#x9BE;&#x9A4;&#x9CD;&#x9A4;&#x9BE;&#x9B0;, &#x9B8;&#x9B0;&#x9A6;&#x9BE;&#x9B0; &#x986;&#x9AC;&#x9A6;&#x9C1;&#x9B8; </subfield>
    <subfield code="9">10773</subfield>
  </datafield>
  <datafield tag="245" ind1=" " ind2=" ">
    <subfield code="a">&#x9B0;&#x9AC;&#x9C0;&#x9A8;&#x9CD;&#x9A6;&#x9CD;&#x9B0;&#x9A8;&#x9BE;&#x9A5; :</subfield>
    <subfield code="b">&#x986;&#x9AE;&#x9BE;&#x9A6;&#x9C7;&#x9B0;&#x987; &#x9B2;&#x9CB;&#x995;  /</subfield>
    <subfield code="c">&#x9B8;&#x9B0;&#x9A6;&#x9BE;&#x9B0; &#x986;&#x9AC;&#x9A6;&#x9C1;&#x9B8; &#x9B8;&#x9BE;&#x9A4;&#x9CD;&#x9A4;&#x9BE;&#x9B0; </subfield>
  </datafield>
  <datafield tag="250" ind1=" " ind2=" ">
    <subfield code="a">&#x9AA;&#x9B0;&#x9BF;&#x9AC;&#x9B0;&#x9CD;&#x9A7;&#x9BF;&#x9A4; &#x9E9;&#x9AF;&#x9BC; &#x9B0;&#x9BE;&#x99C;-&#x9B8;&#x982;.</subfield>
  </datafield>
  <datafield tag="260" ind1=" " ind2=" ">
    <subfield code="a">&#x9A2;&#x9BE;&#x995;&#x9BE; :</subfield>
    <subfield code="b">&#x9B8;&#x9C1;&#x99A;&#x9AF;&#x9BC;&#x9A8;&#x9C0; &#x9AA;&#x9BE;&#x9AC;&#x9B2;&#x9BF;&#x9B6;&#x9BE;&#x9B0;&#x9CD;&#x9B8; ,</subfield>
    <subfield code="c">&#x9E8;&#x9E6;&#x9E7;&#x9EE;</subfield>
  </datafield>
  <datafield tag="300" ind1=" " ind2=" ">
    <subfield code="a">&#x9EA;&#x9E9;&#x9EF; &#x9AA;&#x9C3;. :</subfield>
    <subfield code="b">&#x99A;&#x9BF;&#x9A4;&#x9CD;&#x9B0;&#x9B8;&#x9AE;&#x9C2;&#x9B9;;</subfield>
    <subfield code="c">&#x9E8;&#x9EB; &#x9B8;&#x9C7;&#x9AE;&#x9BF;.</subfield>
  </datafield>
  <datafield tag="600" ind1=" " ind2=" ">
    <subfield code="a">&#x9A0;&#x9BE;&#x995;&#x9C1;&#x9B0;, &#x9B0;&#x9AC;&#x9C0;&#x9A8;&#x9CD;&#x9A6;&#x9CD;&#x9B0;&#x9A8;&#x9BE;&#x9A5; </subfield>
    <subfield code="d">&#x9E7;&#x9EE;&#x9EC;&#x9E7;-&#x9E7;&#x9EF;&#x9EA;&#x9E7; </subfield>
    <subfield code="x">&#x9B8;&#x9AE;&#x9BE;&#x9B2;&#x9CB;&#x99A;&#x9A8;&#x9BE; &#x993; &#x9AC;&#x9CD;&#x9AF;&#x9BE;&#x996;&#x9CD;&#x9AF;&#x9BE; </subfield>
    <subfield code="9">10782</subfield>
  </datafield>
  <datafield tag="600" ind1=" " ind2=" ">
    <subfield code="a">Tagore, Rabindranath </subfield>
    <subfield code="d">1861-1941 </subfield>
    <subfield code="x">Criticism and interpretation</subfield>
    <subfield code="9">7926</subfield>
  </datafield>
  <datafield tag="942" ind1=" " ind2=" ">
    <subfield code="2">ddc</subfield>
    <subfield code="c">BK</subfield>
  </datafield>
  <datafield tag="999" ind1=" " ind2=" ">
    <subfield code="c">82579</subfield>
    <subfield code="d">82579</subfield>
  </datafield>
  <datafield tag="952" ind1=" " ind2=" ">
    <subfield code="0">0</subfield>
    <subfield code="1">0</subfield>
    <subfield code="2">ddc</subfield>
    <subfield code="4">0</subfield>
    <subfield code="7">1</subfield>
    <subfield code="8">NFIC</subfield>
    <subfield code="a">RUCL</subfield>
    <subfield code="b">RUCL</subfield>
    <subfield code="c">Reading</subfield>
    <subfield code="d">2023-12-21</subfield>
    <subfield code="e">Author</subfield>
    <subfield code="g">800.00</subfield>
    <subfield code="l">0</subfield>
    <subfield code="o">B 891.441409  SAR 2018</subfield>
    <subfield code="r">2024-01-09 00:00:00</subfield>
    <subfield code="t">C-1</subfield>
    <subfield code="w">2024-01-09</subfield>
    <subfield code="y">BK</subfield>
  </datafield>
</record>
